| 000 | 01051naa a22002897a 4500 | ||
|---|---|---|---|
| 001 | BR8107811 | ||
| 003 | BR-BrBNA | ||
| 005 | 20250716171955.0 | ||
| 007 | ta | ||
| 008 | 250630b bl.|||m| |||| 00| 0 por d | ||
| 040 |
_aBR-BrBNA _bpor _cBiblioteca Nacional de Agricultura |
||
| 041 | _a(Pt) | ||
| 072 |
_aK10 _b3290 _b3575 |
||
| 090 | _aK10 BR8107811 | ||
| 100 | 1 | _aBianchetti, A. | |
| 245 | 1 | _aComparacao de tratamentos para superar a dormencia de sementes de bracatinga (Mimosa scabrella Bentham) | |
| 500 | _aBoletim de Pesquisa florestal, junho/1981 Curitiba, PR (Brasil): 1981. p. 57-68 [10 ref.; Summaries (En, Pt)] (BR8107811-AMS) | ||
| 773 | 0 |
_tBoletim de Pesquisa florestal, junho/1981 _wK10 BR8107811 _gCuritiba, PR (Brasil), 1981. p. 57-68 |
|
| 650 | _aBRACATINGA | ||
| 650 | _aSEMENTE | ||
| 650 | _aDORMENCIA DA SEMENTE | ||
| 650 | _aQUEBRA DA DORMENCIA | ||
| 650 | _aTRATAMENTO | ||
| 490 |
_aBoletim de Pesquisa Florestal (Brazil) _vno. 2 _xISSN 0101-1057 |
||
| 942 |
_cAMS _2AGRIS |
||
| 909 |
_a202506 _bLúcia _c55 _dLúcia Elande |
||
| 999 |
_c333927 _d333927 |
||